Carregant...

Taxi Driver /

Dades bibliogràfiques
Autor principal: Vivekanandan, G.
Idioma:Undetermined
Publicat: 1966.
LEADER 00699nam a2200145Ia 4500
001 63386
008 170722s9999 xx 000 0 und d
100 |a Vivekanandan, G. 
245 |a Taxi Driver / 
260 |c 1966. 
942 |c GEN 
999 |c 68005  |d 68005 
952 |0 0  |1 0  |4 0  |6 O_323N211T_K6K61K62_CR_KR  |7 0  |9 96383  |a LIB  |b LIB  |d 2017-08-12  |o O32,3N211,T K6-K6;1,K6;2 (CR) (KR)  |p 111033  |r 2017-08-12  |w 2017-08-12  |y GEN 
952 |0 0  |1 0  |4 0  |6 O_323N211T_K6K61K62_CR_KR  |7 0  |9 96384  |a LIB  |b LIB  |d 2017-08-12  |o O32,3N211,T K6-K6;1,K6;2 (CR) (KR)  |p 137706  |r 2017-08-12  |w 2017-08-12  |y GEN 
952 |0 0  |1 0  |4 0  |6 O_323N211T_K6K61K62_CR_KR  |7 0  |9 96385  |a LIB  |b LIB  |d 2017-08-12  |o O32,3N211,T K6-K6;1,K6;2 (CR) (KR)  |p 179200  |r 2017-08-12  |w 2017-08-12  |y GEN